Media society : industries, images, and audiences /
محفوظ في:
| المؤلف الرئيسي: | |
|---|---|
| مؤلفون آخرون: | |
| التنسيق: | Sách giấy |
| منشور في: |
Thousand Oaks, Calif. :
Pine Forge Press,
2003.
|
| الطبعة: | 3rd ed. |
| الموضوعات: | |
| الوصول للمادة أونلاين: | Table of contents only Contributor biographical information Publisher description |
| الوسوم: |
إضافة وسم
لا توجد وسوم, كن أول من يضع وسما على هذه التسجيلة!
|
| Thư viện lưu trữ: | Thư viện Trường Đại học Đà Lạt |
|---|
| LEADER | 01391nam a2200409 4500 | ||
|---|---|---|---|
| 001 | DLU110124372 | ||
| 005 | ##20110905 | ||
| 008 | ##020409s2003 caua b 001 0 eng | ||
| 010 | # | # | |a 2002005465 |
| 020 | # | # | |a 0761987738 (p) |
| 040 | # | # | |a DLC |c DLC |d DLC |
| 042 | # | # | |a pcc |
| 043 | # | # | |a n-us--- |
| 082 | # | # | |a 302.23 |b CR-D |
| 100 | # | # | |a Croteau, David. |
| 245 | # | # | |a Media society : |b industries, images, and audiences / |c David Croteau, William Hoynes. |
| 250 | # | # | |a 3rd ed. |
| 260 | # | # | |a Thousand Oaks, Calif. : |b Pine Forge Press, |c 2003. |
| 300 | # | # | |a xx, 409 p. : |b ill. ; |c 24 cm. |
| 504 | # | # | |a Includes bibliographical references (p. 379-395) and index. |
| 650 | # | # | |a Mass media |x Political aspects |z United States. |
| 650 | # | # | |a Mass media |x Social aspects |z United States. |
| 700 | # | # | |a Hoynes, William. |
| 856 | # | # | |3 Table of contents only |u http://www.loc.gov/catdir/enhancements/fy0657/2002005465-t.html |
| 856 | # | # | |3 Contributor biographical information |u http://www.loc.gov/catdir/enhancements/fy0734/2002005465-b.html |
| 856 | # | # | |3 Publisher description |u http://www.loc.gov/catdir/enhancements/fy0657/2002005465-d.html |
| 923 | # | # | |a 01/2011CP |
| 991 | # | # | |a GT |
| 992 | # | # | |a 0 |
| 994 | # | # | |a KCP |
| 900 | # | # | |a True |
| 911 | # | # | |a Đào Thị Thu Huyền |
| 925 | # | # | |a G |
| 926 | # | # | |a A |
| 927 | # | # | |a SH |
| 980 | # | # | |a Thư viện Trường Đại học Đà Lạt |


